Die teuersten Fußballtransfers - Argentinische Fußballspieler - Statistiken

Allgemein
  • Dieses Quiz wurde 76 mal gespielt
  • Das Durchschnittsergebnis liegt bei 7 aus 10
Antwortstatistiken
Ablöse (M €) Saison Abgebender Verein Aufnehmender Verein Spieler % Korrekt
75,00 2014-2015 Real Madrid Manchester United Ángel Di María
91%
53,00 2015-2016 Manchester United Paris SG Ángel Di María
91%
121,00 2022-2023 Benfica FC Chelsea Enzo Fernández
90%
44,25 2022-2023 River Plate Benfica Enzo Fernández
90%
90,00 2016-2017 SSC Neapel Juventus Turin Gonzalo Higuaín
81%
57,37 2022-2023 Ajax Amsterdam Manchester United Lisandro Martínez
71%
50,00 2022-2023 Atalanta Bergamo Tottenham Cristian Romero
60%
50,00 2020-2021 Inter Mailand Paris SG Mauro Icardi
59%
56,81 2000-2001 AC Parma Lazio Rom Hernán Crespo
50%
44,50 2015-2016 FC Valencia Manchester City Nicolás Otamendi
47%
Keine übereinstimmenden Quizze gefunden
Verteilung der Resultate
Anzahl Personen mit jedem Resultat
Perzentil nach korrekt beantworteten Fragen
Ihre Resultats-Entwicklung
Sie haben dieses Quiz noch nicht gespielt